[Event "26th EUR-ch"]
[Site "Katowice POL"]
[Date "2026.04.14"]
[Round "7.30"]
[White "Ivanchuk, Vasyl"]
[Black "Saraci, Nderim"]
[Result "1-0"]
[WhiteElo "2621"]
[BlackElo "2483"]
[EventDate "2026.04.07"]
[PlyCount "85"]

1.e4 e5 2.Nf3 Nc6 3.Bb5 a6 4.Ba4 Nf6 5.O-O Be7 6.d3 b5 7.Bb3 O-O 8.Nc3 d6 
9.a3 Na5 10.Ba2 c5 11.b4 Nc6 12.Nd5 cxb4 13.axb4 Bg4 14.h3 Bxf3 15.Qxf3 a5
16.bxa5 Rxa5 17.Bb2 b4 18.Ne3 g6 19.Bb3 Qc7 20.h4 h5 21.g3 Kg7 22.Kg2 Rfa8
23.Rxa5 Nxa5 24.Nd5 Nxd5 25.Bxd5 Rf8 26.Qe3 Bd8 27.f4 f6 28.Qe2 Qc8 29.f5 
Rh8 30.fxg6 Nc6 31.Qf3 Nd4 32.Bxd4 exd4 33.Qe2 Kxg6 34.Rf5 Be7 35.Bb3 d5 
36.Rxd5 Kg7 37.Rxh5 Bd6 38.Rf5 Rh7 39.Qf3 Be5 40.h5 Qe8 41.g4 Rh8 42.g5 
Rf8 43.Qg4 1-0

[Event "26th EUR-ch"]
[Site "Katowice POL"]
[Date "2026.04.14"]
[Round "7.31"]
[White "Sargissian, Gabriel"]
[Black "Talibov, Shiroghlan"]
[Result "0-1"]
[WhiteElo "2618"]
[BlackElo "2482"]
[EventDate "2026.04.07"]
[PlyCount "127"]

1.c4 e6 2.Nf3 d5 3.g3 d4 4.Bg2 Nc6 5.O-O Nh6 6.d3 Nf5 7.Na3 h5 8.Nc2 a5 9.
e4 dxe3 10.Nxe3 Nfd4 11.Nxd4 Nxd4 12.Nc2 Bc5 13.Be3 Ra6 14.Nxd4 Bxd4 15.c5
a4 16.Qd2 a3 17.b4 Bxa1 18.Rxa1 e5 19.Qc3 O-O 20.Qxe5 Qxd3 21.Bd4 Qg6 22.
Qxc7 Re6 23.Bd5 Re2 24.Bf3 Rb2 25.Qe5 Rxb4 26.Bc3 Rb1+ 27.Rxb1 Qxb1+ 28.
Kg2 Qg6 29.h4 Qf6 30.Qxf6 gxf6 31.Bb4 Rd8 32.Bxh5 Be6 33.Bxa3 Bd5+ 34.Kh3 
Ra8 35.Bb2 Rxa2 36.Bd4 f5 37.Be3 Ra1 38.g4 Bf3 39.Kg3 Bxg4 40.Bxg4 Rg1+ 
41.Kf4 Rxg4+ 42.Kxf5 Rxh4 43.Bg5 Rh2 44.f4 Re2 45.Bf6 Re6 46.Be5 Kf8 47.
Bf6 Ke8 48.Bd4 Ke7 49.Bf2 Re2 50.Bd4 Rd2 51.Ke4 Rh2 52.f5 Ra2 53.Kd5 Kd7 
54.Ke5 Rd2 55.Bc3 Rd1 56.Ba5 Rc1 57.Bb6 Ke7 58.Ke4 Re1+ 59.Kd5 Kf6 60.Kd6 
Kxf5 61.Kc7 Re7+ 62.Kd6 Re6+ 63.Kc7 Ke5 64.Kxb7 0-1

[Event "26th EUR-ch"]
[Site "Katowice POL"]
[Date "2026.04.14"]
[Round "7.32"]
[White "Bronstein, Or"]
[Black "Indjic, Aleksandar"]
[Result "1/2-1/2"]
[WhiteElo "2481"]
[BlackElo "2616"]
[EventDate "2026.04.07"]
[PlyCount "92"]

1.d4 Nf6 2.c4 c5 3.d5 g6 4.Nc3 Bg7 5.e4 d6 6.Nf3 O-O 7.Be2 e6 8.h3 exd5 9.
exd5 Bf5 10.g4 Be4 11.O-O Bxf3 12.Bxf3 Nbd7 13.Bd2 Ne8 14.Be2 a6 15.a4 f5 
16.f4 Bd4+ 17.Kg2 Ndf6 18.Bf3 Ng7 19.Ne2 Bxb2 20.Rb1 Ba3 21.Ng3 Bb4 22.
Bxb4 fxg4 23.hxg4 cxb4 24.Rxb4 Nd7 25.Qd2 Nc5 26.Ne4 Nxe4 27.Bxe4 Qe7 28.
Bf3 Rac8 29.Re1 Qf7 30.Re4 h5 31.Rb6 Qd7 32.gxh5 gxh5 33.Kh2 Rce8 34.Rxe8 
Rxe8 35.Qg2 Qc7 36.c5 dxc5 37.Rf6 Qe7 38.Qg6 Rf8 39.Rxf8+ Kxf8 40.Qh6 Ke8 
41.Qg6+ Kd7 42.Qb6 Qd6 43.Qxb7+ Qc7 44.Qxa6 Qxf4+ 45.Kg2 Qg5+ 46.Kf1 Qc1+ 
1/2-1/2

[Event "26th EUR-ch"]
[Site "Katowice POL"]
[Date "2026.04.14"]
[Round "7.33"]
[White "Korobov, Anton"]
[Black "Dotzer, Lukas"]
[Result "1-0"]
[WhiteElo "2610"]
[BlackElo "2469"]
[EventDate "2026.04.07"]
[PlyCount "77"]

1.e4 c5 2.Nf3 d6 3.d4 cxd4 4.Nxd4 Nf6 5.Nc3 a6 6.Be2 e5 7.Nb3 Be7 8.O-O 
O-O 9.Be3 Be6 10.Bf3 h6 11.a4 Nbd7 12.Re1 Rc8 13.a5 Nh7 14.g3 Qc7 15.Bg2 
Nhf6 16.h3 Ra8 17.Nd5 Nxd5 18.exd5 Bf5 19.Rc1 b6 20.Bd2 Bg5 21.Bxg5 hxg5 
22.Qh5 bxa5 23.Qxg5 Bh7 24.Nd2 Nc5 25.Nc4 Ne4 26.Bxe4 Qxc4 27.b3 Qc5 28.
Bxh7+ Kxh7 29.Re4 f6 30.Qf5+ Kg8 31.Qe6+ Rf7 32.Rc4 Qa3 33.Re1 f5 34.g4 
fxg4 35.hxg4 Kf8 36.g5 Re7 37.Rf4+ exf4 38.Qxe7+ Kg8 39.g6 1-0

[Event "26th EUR-ch"]
[Site "Katowice POL"]
[Date "2026.04.14"]
[Round "7.34"]
[White "Lavrencic, Matic"]
[Black "Samunenkov, Ihor"]
[Result "1/2-1/2"]
[WhiteElo "2472"]
[BlackElo "2596"]
[EventDate "2026.04.07"]
[PlyCount "91"]

1.e4 e5 2.Nf3 Nc6 3.Bc4 d6 4.c3 f5 5.d3 Qf6 6.Na3 a6 7.Bg5 Qg6 8.exf5 Qxf5
9.Nc2 Nge7 10.Ne3 Qg6 11.O-O Bd7 12.b4 h6 13.Bh4 Qh5 14.Re1 g5 15.Bg3 Bg7 
16.Qb3 Rf8 17.Nd5 Nxd5 18.Bxd5 Ne7 19.Bxb7 Rb8 20.Be4 g4 21.Nd2 Qg5 22.
Rad1 h5 23.f3 Kd8 24.Bf2 Ng6 25.Be3 Nf4 26.fxg4 hxg4 27.Nf1 Qh5 28.d4 Rh8 
29.Qc2 Kc8 30.Kh1 Bf6 31.Bg1 Bh4 32.Bf2 Bxf2 33.Qxf2 Bb5 34.g3 Nh3 35.Qf5+
Qxf5 36.Bxf5+ Kb7 37.Kg2 Rbf8 38.Ne3 exd4 39.cxd4 Rh5 40.Rf1 Bxf1+ 41.Rxf1
Rhh8 42.Nxg4 c6 43.Ne3 Re8 44.Re1 Ng5 45.h4 Nh7 46.Kf3 1/2-1/2

[Event "26th EUR-ch"]
[Site "Katowice POL"]
[Date "2026.04.14"]
[Round "7.35"]
[White "Schoppen, Casper"]
[Black "Haring, Filip"]
[Result "1/2-1/2"]
[WhiteElo "2588"]
[BlackElo "2461"]
[EventDate "2026.04.07"]
[PlyCount "95"]

1.e4 e5 2.Nf3 Nc6 3.Bb5 a6 4.Ba4 Nf6 5.O-O Be7 6.Re1 b5 7.Bb3 O-O 8.c3 d5 
9.exd5 Nxd5 10.Nxe5 Nxe5 11.Rxe5 c6 12.d3 Bd6 13.Re1 Bf5 14.Qf3 Qd7 15.
Bxd5 cxd5 16.Bf4 Bxf4 17.Qxf4 Bxd3 18.Nd2 Rfe8 19.Re3 Rxe3 20.Qxe3 Bg6 21.
Re1 b4 22.cxb4 d4 23.Qe7 Qxe7 24.Rxe7 Kf8 25.Rd7 d3 26.Nc4 Re8 27.Ne3 Rc8 
28.g4 Ke8 29.Rd4 Rc1+ 30.Kg2 Rb1 31.Nc4 f6 32.Kf3 Ke7 33.b3 Rc1 34.a3 Rb1 
35.Nd2 Rd1 36.Nc4 Rb1 37.Nd2 Re1 38.a4 h5 39.h3 h4 40.Nc4 Rb1 41.Nd2 Re1 
42.Kg2 Re2 43.Nc4 Re1 44.Ne3 Rb1 45.f4 Rxb3 46.Nd5+ Kf8 47.Nc7 Be8 48.Nxe8
1/2-1/2

[Event "26th EUR-ch"]
[Site "Katowice POL"]
[Date "2026.04.14"]
[Round "7.36"]
[White "Hrbek, Stepan"]
[Black "Amar, Elham"]
[Result "1/2-1/2"]
[WhiteElo "2460"]
[BlackElo "2586"]
[EventDate "2026.04.07"]
[PlyCount "163"]

1.c4 e6 2.g3 d5 3.Bg2 Nf6 4.Nf3 Bd6 5.O-O O-O 6.d4 h6 7.Nc3 Nc6 8.b3 dxc4 
9.bxc4 e5 10.d5 Na5 11.c5 Bxc5 12.Nxe5 Re8 13.Qa4 Rxe5 14.Qxa5 Qe7 15.Rb1 
Bb6 16.Qb4 Bf5 17.Qxe7 Rxe7 18.Ba3 Ree8 19.Rbc1 Rad8 20.Rfd1 Ng4 21.Rf1 
Nf6 22.Rfd1 Ne4 23.Nxe4 Bxe4 24.e3 Bxg2 25.Kxg2 Re5 26.d6 cxd6 27.Rxd6 Rd5
28.Rxd5 Rxd5 29.Rc8+ Kh7 30.Bb4 Kg6 31.Kf3 Rf5+ 32.Ke2 f6 33.a4 Rd5 34.Rb8
Rd7 35.g4 Kg5 36.Kf3 Kh4 37.Rg8 a5 38.Ba3 Bc7 39.Bf8 Kg5 40.h4+ Kg6 41.Bc5
f5 42.gxf5+ Kxf5 43.Rf8+ Kg6 44.Bd4 h5 45.Kg2 Rd8 46.Rxd8 Bxd8 47.Kg3 Kf7 
48.f4 g6 49.e4 Ke6 50.Be5 Be7 51.Bc7 Bb4 52.Kf3 Kd7 53.Bb6 Kc6 54.Bd8 Kc5 
55.f5 gxf5 56.exf5 Kd5 57.Bc7 Be1 58.Kf4 Bxh4 59.Bxa5 Bf6 60.Bc7 Kd4 61.
Bd6 h4 62.Kg4 Ke4 63.Bc7 Kd4 64.Bb6+ Kd3 65.Bf2 Ke4 66.Be1 Bd8 67.a5 h3 
68.Kxh3 Kxf5 69.a6 bxa6 70.Kg3 Ke4 71.Kf2 Kd3 72.Kf3 Bb6 73.Bb4 Bc7 74.Be1
Bd8 75.Bb4 Bg5 76.Ba5 Be3 77.Bd8 Bd2 78.Bc7 Bb4 79.Bd8 Bd6 80.Kf2 Bf4 81.
Ke1 Bg5 82.Bxg5 1/2-1/2

[Event "26th EUR-ch"]
[Site "Katowice POL"]
[Date "2026.04.14"]
[Round "7.37"]
[White "Petrosian, Manuel"]
[Black "Bodrogi, Bendeguz"]
[Result "1/2-1/2"]
[WhiteElo "2584"]
[BlackElo "2454"]
[EventDate "2026.04.07"]
[PlyCount "115"]

1.d4 d5 2.c4 e6 3.Nf3 a6 4.cxd5 exd5 5.Nc3 c6 6.Bf4 Bd6 7.Bg5 Be7 8.h4 h6 
9.Bxe7 Nxe7 10.e3 Nd7 11.Bd3 Nf6 12.Ne5 h5 13.Qf3 Be6 14.Qf4 Ng4 15.Nxg4 
Bxg4 16.f3 Be6 17.Kf2 Qb8 18.Qxb8+ Rxb8 19.b4 Bf5 20.Be2 O-O 21.a4 Rfc8 
22.Ra3 Ra8 23.g3 a5 24.bxa5 Rxa5 25.Rb3 Ra7 26.Rc1 Rd8 27.Rb4 Nc8 28.e4 
dxe4 29.fxe4 Bg6 30.Bf3 f6 31.Ne2 Re8 32.d5 Nd6 33.dxc6 bxc6 34.Nf4 Bxe4 
35.Bxh5 Rea8 36.Rd4 Bd5 37.Nxd5 cxd5 38.Rxd5 Nf7 39.Bd1 Ne5 40.Ra1 Kf8 41.
Ra2 Ke7 42.Rb5 Ra6 43.Rb7+ Kf8 44.Rd2 Kg8 45.Bb3+ Kh7 46.Bd1 Rc8 47.Ra2 
Rc4 48.Rb5 Rd4 49.Rb1 Ra5 50.Kg2 Kh6 51.Rf2 Ng4 52.Re2 Rd3 53.Kh3 Ne3 54.
Rb3 Rxd1 55.Rexe3 Rxa4 56.Rb7 Rh1+ 57.Kg2 Raa1 58.Rb2 1/2-1/2

[Event "26th EUR-ch"]
[Site "Katowice POL"]
[Date "2026.04.14"]
[Round "7.38"]
[White "Socko, Bartosz"]
[Black "Manafov, Vugar"]
[Result "1/2-1/2"]
[WhiteElo "2584"]
[BlackElo "2432"]
[EventDate "2026.04.07"]
[PlyCount "82"]

1.e4 c5 2.Nf3 e6 3.d4 cxd4 4.Nxd4 a6 5.Nc3 b5 6.Bd3 Qb6 7.Nf3 Qc7 8.O-O 
Bb7 9.Re1 Bc5 10.Be3 Bxe3 11.Rxe3 Nh6 12.h3 O-O 13.e5 Nc6 14.Qd2 Rad8 15.
Rd1 Kh8 16.Be4 f5 17.exf6 Rxf6 18.Ng5 b4 19.Ne2 Nf5 20.Bxf5 Rxf5 21.Rg3 h6
22.Ne4 Rd5 23.Qc1 Ne7 24.Rxd5 Bxd5 25.Rg4 Rc8 26.c3 Bxa2 27.Qd2 Bd5 28.
cxb4 Qc2 29.N2c3 Qxd2 30.Nxd2 Rb8 31.Nf1 Bb3 32.Nd2 Bd5 33.Nf1 Nc6 34.b5 
axb5 35.Nxd5 exd5 36.Rg6 Ne5 37.Rd6 Nc4 38.Rxd5 Nxb2 39.Rxd7 Nc4 40.Nd2 
Nxd2 41.Rxd2 Kh7 1/2-1/2

[Event "26th EUR-ch"]
[Site "Katowice POL"]
[Date "2026.04.14"]
[Round "7.39"]
[White "Kourkoulos-Arditis, Stamatis"]
[Black "Johansson, Linus"]
[Result "1-0"]
[WhiteElo "2583"]
[BlackElo "2425"]
[EventDate "2026.04.07"]
[PlyCount "171"]

1.e4 c5 2.Nf3 Nc6 3.Bb5 g6 4.Bxc6 dxc6 5.d3 Bg7 6.h3 b6 7.a4 a5 8.O-O Ba6 
9.Nc3 Nf6 10.Be3 O-O 11.Qd2 e5 12.Bh6 Re8 13.Bxg7 Kxg7 14.b3 Nh5 15.Rfe1 
f6 16.Ne2 Kh8 17.Nh2 Ra7 18.g4 Ng7 19.f4 f5 20.exf5 gxf5 21.fxe5 fxg4 22.
Nxg4 Bc8 23.Ng3 Qh4 24.Qf4 Rf7 25.Qxf7 Qxg3+ 26.Kh1 Qxh3+ 27.Nh2 Be6 28.
Qf3 Bd5 29.Re4 Qf5 30.Rf1 Bxe4 31.dxe4 Qxf3+ 32.Nxf3 Nh5 33.Kg2 Nf4+ 34.
Kf2 Ng6 35.Ke3 Kg7 36.Rd1 Nxe5 37.Nxe5 Rxe5 38.Rd6 Kf7 39.Rh6 Rg5 40.Rxh7+
Ke6 41.Kf4 Rg2 42.Rh6+ Kd7 43.c4 Rb2 44.Ke5 Rxb3 45.Rh7+ Ke8 46.Kd6 b5 47.
e5 Rd3+ 48.Ke6 Kd8 49.axb5 cxb5 50.cxb5 Kc8 51.b6 c4 52.Rc7+ Kb8 53.Kf5 
Rf3+ 54.Ke4 Rb3 55.Rxc4 Kb7 56.e6 Rxb6 57.Kf5 Rb5+ 58.Kf6 Rh5 59.e7 Rh8 
60.Kg7 Ra8 61.Rc5 Kb6 62.Re5 Kc6 63.Rxa5 Rxa5 64.e8=Q+ Kb6 65.Kf6 Rb5 66.
Qb8+ Kc5 67.Qc7+ Kd4 68.Ke6 Rc5 69.Qf4+ Kd3 70.Kd6 Rc4 71.Qf1+ Kd4 72.Qd1+
Ke3 73.Kd5 Rf4 74.Qe1+ Kf3 75.Ke5 Rg4 76.Qf1+ Kg3 77.Kf5 Rh4 78.Qe1+ Kh3 
79.Qg1 Ra4 80.Qf1+ Kg3 81.Qe1+ Kh3 82.Qc3+ Kh4 83.Qh8+ Kg3 84.Qb8+ Kf2 85.
Qb2+ Ke1 86.Qc1+ 1-0

[Event "26th EUR-ch"]
[Site "Katowice POL"]
[Date "2026.04.14"]
[Round "7.40"]
[White "Acs, Peter"]
[Black "Sowinski, Pawel"]
[Result "0-1"]
[WhiteElo "2573"]
[BlackElo "2421"]
[EventDate "2026.04.07"]
[PlyCount "121"]

1.e4 c5 2.Nf3 d6 3.d4 cxd4 4.Nxd4 Nf6 5.Nc3 a6 6.h3 e5 7.Nb3 Be7 8.f4 Nc6 
9.Qf3 O-O 10.g4 Nd7 11.f5 Bh4+ 12.Kd1 b5 13.Nd5 Ne7 14.Bd2 Nxd5 15.exd5 
Re8 16.a4 e4 17.Qe3 Nf6 18.c4 bxc4 19.Bxc4 Bb7 20.Na5 Bxd5 21.g5 Bxc4 22.
gxf6 Bxf6 23.Nxc4 d5 24.Ba5 Qe7 25.Nb6 Rad8 26.Qb3 e3 27.Ke2 Qc5 28.Rad1 
Qxa5 29.Nxd5 Be5 30.Qc4 Kh8 31.b3 Rc8 32.Qd3 Qd8 33.h4 a5 34.Rh3 h6 35.
Nxe3 Qb6 36.Qb5 Qf6 37.Kf1 Rb8 38.Qd3 Rbd8 39.Nd5 Qc6 40.Re3 f6 41.Re2 Rd6
42.Qf3 Qd7 43.Kg2 Qf7 44.h5 Rb8 45.Rc2 Rbd8 46.Rcd2 Rc8 47.Kh3 Rdc6 48.Kg4
Rb8 49.Rd3 Rc2 50.R1d2 Rxd2 51.Rxd2 Rc8 52.Qd1 Bb8 53.Rd3 Re8 54.Qf3 Be5 
55.Ne3 Qa7 56.Kh3 Bb8 57.Nc4 Qg1 58.Rd2 Bc7 59.Rd1 Qh2+ 60.Kg4 Re4+ 61.
Qxe4 0-1

[Event "26th EUR-ch"]
[Site "Katowice POL"]
[Date "2026.04.14"]
[Round "7.41"]
[White "Pultinevicius, Paulius"]
[Black "Govciyan, Pavel"]
[Result "1/2-1/2"]
[WhiteElo "2562"]
[BlackElo "2420"]
[EventDate "2026.04.07"]
[PlyCount "97"]

1.Nf3 d5 2.d4 e6 3.c4 c5 4.cxd5 exd5 5.g3 Nc6 6.Bg2 Nf6 7.O-O Be7 8.Nc3 
O-O 9.Bf4 Bg4 10.dxc5 Bxc5 11.Rc1 Re8 12.h3 Bc8 13.e3 Bb6 14.Qa4 h6 15.
Rfd1 Be6 16.g4 Qe7 17.g5 hxg5 18.Bxg5 Qb4 19.Qxb4 Nxb4 20.Bxf6 gxf6 21.a3 
Nc6 22.Nxd5 Bxd5 23.Rxd5 Rxe3 24.Kf1 Re7 25.Re1 Rae8 26.Rxe7 Rxe7 27.Nd2 
Ne5 28.Ne4 Nc4 29.Nxf6+ Kg7 30.Ng4 Nxb2 31.Rg5+ Kf8 32.Bd5 Nd3 33.Rf5 Bc7 
34.Bc4 Ne5 35.Nxe5 Bxe5 36.Bxf7 Bd6 37.Bb3+ Kg7 38.a4 b6 39.h4 Re4 40.Rf7+
Kh8 41.h5 Rf4 42.Rd7 Bc5 43.Rd2 Kg7 44.Ra2 Rh4 45.Rd2 Rxh5 46.Rd7+ Kf6 47.
Rxa7 Rf5 48.Rf7+ Ke5 49.Rxf5+ 1/2-1/2

[Event "26th EUR-ch"]
[Site "Katowice POL"]
[Date "2026.04.14"]
[Round "7.42"]
[White "Palczert, Matyas"]
[Black "Sanal, Vahap"]
[Result "1/2-1/2"]
[WhiteElo "2457"]
[BlackElo "2551"]
[EventDate "2026.04.07"]
[PlyCount "158"]

1.e4 e5 2.Nf3 Nc6 3.Bb5 a6 4.Ba4 Nf6 5.O-O Be7 6.Re1 b5 7.Bb3 d6 8.a4 Bd7 
9.Nc3 Na5 10.Ba2 b4 11.Nd5 c5 12.Nxe7 Qxe7 13.d3 Rb8 14.h3 h6 15.Nh2 Be6 
16.Bxe6 fxe6 17.f4 exf4 18.Bxf4 e5 19.Be3 Nc6 20.Ng4 O-O 21.Rf1 Rbe8 22.
Qe2 Qe6 23.Nxf6+ Rxf6 24.Rxf6 Qxf6 25.Rf1 Qe6 26.Qf2 a5 27.Kh2 Ne7 28.c3 
Nc6 29.Qg3 bxc3 30.bxc3 Rb8 31.Qf2 Re8 32.Rb1 Rf8 33.Qg3 Rb8 34.Rb5 Kh7 
35.Qf2 Qd7 36.Qb2 Rc8 37.Qb3 Rc7 38.Rb6 Nd8 39.Rb8 Nf7 40.Qb6 c4 41.d4 Ng5
42.Bxg5 hxg5 43.dxe5 Qf7 44.exd6 Qf4+ 45.Kh1 Rf7 46.Qb1 Qxd6 47.e5+ Qd3 
48.Qxd3+ cxd3 49.Rd8 Re7 50.Rxd3 Rxe5 51.Rd4 Kh6 52.Kg1 Re2 53.Rc4 Kg6 54.
Kh2 Re3 55.Rc6+ Kh5 56.Kg1 Re2 57.Rc5 Re4 58.Rxa5 Rc4 59.Ra7 Kg6 60.a5 
Rxc3 61.Rb7 Ra3 62.Rb5 Kf6 63.Rb6+ Kf5 64.a6 g4 65.hxg4+ Kxg4 66.Kf2 g5 
67.Rb4+ Kh5 68.Rb6 Kg4 69.Re6 Kf5 70.Rc6 Kg4 71.Rd6 Ra4 72.Rb6 Ra3 73.Rc6 
Ra4 74.Rd6 Kf4 75.Rb6 Ra2+ 76.Kf1 g4 77.Rb3 Rxa6 78.g3+ Ke4 79.Rb4+ Ke5 
1/2-1/2

[Event "26th EUR-ch"]
[Site "Katowice POL"]
[Date "2026.04.14"]
[Round "7.43"]
[White "Kolosowski, Mateusz"]
[Black "Warmerdam, Max"]
[Result "0-1"]
[WhiteElo "2444"]
[BlackElo "2545"]
[EventDate "2026.04.07"]
[PlyCount "78"]

1.e4 c6 2.d4 d5 3.e5 Bf5 4.h4 h5 5.Bd3 Qd7 6.Ne2 Bxd3 7.Qxd3 c5 8.c3 Nc6 
9.O-O e6 10.Bg5 Nge7 11.Nd2 cxd4 12.cxd4 Nf5 13.Nf3 Be7 14.Ng3 Nxg3 15.
fxg3 O-O-O 16.a3 Kb8 17.b4 Rc8 18.Rac1 a6 19.Rc2 Rhf8 20.Rfc1 Bxg5 21.Nxg5
Ne7 22.Rc5 Nf5 23.Rb1 Qa4 24.Rbc1 Qd7 25.Rb1 Qa4 26.Rbc1 Rxc5 27.dxc5 Qb5 
28.Qc3 Qe2 29.Re1 d4 30.Rxe2 dxc3 31.Kf2 Nd4 32.Re1 f6 33.exf6 Rxf6+ 34.
Nf3 e5 35.Ke3 Nc2+ 36.Kd3 Nxe1+ 37.Nxe1 Rf1 38.Nc2 Rf2 39.Ne3 c2 0-1

[Event "26th EUR-ch"]
[Site "Katowice POL"]
[Date "2026.04.14"]
[Round "7.44"]
[White "Kantor, Gergely"]
[Black "Risteski, Emil"]
[Result "1-0"]
[WhiteElo "2544"]
[BlackElo "2416"]
[EventDate "2026.04.07"]
[PlyCount "77"]

1.e4 c5 2.Nf3 Nc6 3.Bb5 d6 4.O-O Bd7 5.Re1 a6 6.Bf1 e5 7.c3 Be7 8.h3 g5 9.
d4 h5 10.d5 Na7 11.Nh2 g4 12.Nd2 gxh3 13.g3 Nf6 14.a4 Rg8 15.Be2 Ng4 16.
Nc4 Nc8 17.Nxg4 hxg4 18.Ne3 Bg5 19.Nxg4 Bxc1 20.Rxc1 Qg5 21.Ne3 b5 22.axb5
axb5 23.Kh2 Ne7 24.Ra1 Rxa1 25.Qxa1 f5 26.exf5 Nxf5 27.Bg4 Nxe3 28.Bxd7+ 
Kxd7 29.Rxe3 Qf6 30.Qa7+ Ke8 31.f4 Kf8 32.Qd7 Rg7 33.Qxb5 Re7 34.Qe2 Kg8 
35.fxe5 dxe5 36.Qg4+ Rg7 37.Qe6+ Qxe6 38.dxe6 Rg5 39.Kxh3 1-0

[Event "26th EUR-ch"]
[Site "Katowice POL"]
[Date "2026.04.14"]
[Round "7.45"]
[White "Isik, Alparslan"]
[Black "Razafindratsima, Timothe"]
[Result "0-1"]
[WhiteElo "2435"]
[BlackElo "2537"]
[EventDate "2026.04.07"]
[PlyCount "110"]

1.e4 c5 2.Nf3 Nc6 3.Nc3 e6 4.d4 cxd4 5.Nxd4 Nf6 6.a3 d6 7.Be2 Be7 8.Be3 
O-O 9.O-O e5 10.Nb3 Be6 11.Bf3 Na5 12.Nxa5 Qxa5 13.Qd2 Qc7 14.Rfc1 a6 15.
a4 b6 16.h3 h6 17.Qd3 Bc4 18.Qd2 Qb7 19.g3 Be6 20.Bg2 b5 21.axb5 axb5 22.
Nd5 Nxd5 23.exd5 Bd7 24.Qb4 Qc7 25.Rxa8 Rxa8 26.b3 Bg5 27.f4 exf4 28.gxf4 
Bf6 29.c4 bxc4 30.bxc4 Rb8 31.Qd2 Bf5 32.Bd4 Bxd4+ 33.Qxd4 Rb3 34.Rc3 Rxc3
35.Qxc3 Qc5+ 36.Kf1 g6 37.h4 h5 38.Bf3 Bh3+ 39.Bg2 Bg4 40.Be4 Qc7 41.c5 
Qe7 42.Bf3 dxc5 43.Bxg4 hxg4 44.Qd3 Qf6 45.d6 Qxf4+ 46.Ke1 g3 47.d7 Qf2+ 
48.Kd1 g2 49.d8=Q+ Kh7 50.Qxg6+ fxg6 51.Qe7+ Kh6 52.Qg5+ Kg7 53.Qe7+ Qf7 
54.Qxc5 Qf1+ 55.Kd2 g1=Q 0-1

[Event "26th EUR-ch"]
[Site "Katowice POL"]
[Date "2026.04.14"]
[Round "7.46"]
[White "Piorun, Kacper"]
[Black "Reuker, Jari"]
[Result "1/2-1/2"]
[WhiteElo "2536"]
[BlackElo "2413"]
[EventDate "2026.04.07"]
[PlyCount "119"]

1.e4 c6 2.d4 d5 3.Nc3 dxe4 4.Nxe4 Nf6 5.Nxf6+ exf6 6.c3 Bd6 7.Bd3 O-O 8.
Qc2 Re8+ 9.Ne2 h5 10.O-O h4 11.h3 Nd7 12.Bf4 Nf8 13.Bxd6 Qxd6 14.Rfe1 Bd7 
15.Rad1 Re7 16.Nc1 Rae8 17.Rxe7 Rxe7 18.Bf1 Ne6 19.Nd3 Ng5 20.Qc1 Bf5 21.
Qf4 Qxf4 22.Nxf4 Ne6 23.Ne2 g5 24.f3 Kf8 25.Kf2 Rd7 26.c4 a6 27.Ke3 Re7 
28.Kf2 Rd7 29.b4 b5 30.d5 cxd5 31.cxd5 Nc7 32.Nc3 Ne8 33.Ke3 Nd6 34.Rc1 
Rc7 35.Ne2 Nc4+ 36.Kd4 Ke7 37.g4 Bd7 38.Nc3 f5 39.Nd1 Kd6 40.Bxc4 fxg4 41.
fxg4 Rxc4+ 42.Rxc4 bxc4 43.Ne3 Bb5 44.Nd1 Bd7 45.Ne3 Bb5 46.a4 Bxa4 47.
Nxc4+ Ke7 48.Ne3 Bb5 49.Kc5 Kd7 50.d6 Be2 51.Kd5 f6 52.Ke4 Kxd6 53.Kf5 Ke7
54.Nd5+ Kf7 55.Nxf6 Bf1 56.Kxg5 Bxh3 57.Kxh4 Bxg4 58.Nxg4 Ke6 59.Ne3 Ke5 
60.Nc4+ 1/2-1/2

[Event "26th EUR-ch"]
[Site "Katowice POL"]
[Date "2026.04.14"]
[Round "7.47"]
[White "Alexakis, Dimitris"]
[Black "Vardanyan, Aras"]
[Result "1-0"]
[WhiteElo "2528"]
[BlackElo "2408"]
[EventDate "2026.04.07"]
[PlyCount "79"]

1.e4 e5 2.Nf3 Nc6 3.Bb5 a6 4.Ba4 d6 5.O-O Bd7 6.c3 g6 7.Re1 Bg7 8.h3 Nf6 
9.d4 O-O 10.Nbd2 Re8 11.Bc2 b5 12.Nf1 Qc8 13.Ng3 Qb7 14.Be3 a5 15.Qd2 a4 
16.Bh6 Na5 17.Qg5 c5 18.Bxg7 Kxg7 19.Nh4 Ng8 20.Nhf5+ Bxf5 21.Nxf5+ Kf8 
22.Nxd6 Qe7 23.Qxe5 Qxe5 24.dxe5 Reb8 25.f4 Ne7 26.Kf2 Nec6 27.Red1 a3 28.
bxa3 Nc4 29.a4 Na3 30.axb5 Nxc2 31.bxc6 Nxa1 32.c7 Rb2+ 33.Kg3 Nc2 34.Rd2 
Rbxa2 35.c8=Q+ Rxc8 36.Nxc8 Kg7 37.f5 Ra8 38.f6+ Kh6 39.Nd6 Ne3 40.Kf2 1-0

[Event "26th EUR-ch"]
[Site "Katowice POL"]
[Date "2026.04.14"]
[Round "7.48"]
[White "Stefansson, Hannes Hlifar"]
[Black "Kempinski, Robert"]
[Result "0-1"]
[WhiteElo "2414"]
[BlackElo "2527"]
[EventDate "2026.04.07"]
[PlyCount "88"]

1.Nf3 Nf6 2.g3 b6 3.Bg2 Bb7 4.c4 e6 5.O-O Be7 6.d4 O-O 7.Nc3 Ne4 8.Qc2 
Nxc3 9.Qxc3 d6 10.b3 Qe8 11.Bb2 f5 12.Ne1 Bxg2 13.Nxg2 Bf6 14.Qd3 c5 15.
Rab1 Nc6 16.dxc5 Bxb2 17.Rxb2 dxc5 18.Qc3 Rd8 19.Rd2 Nd4 20.f3 Qc6 21.Ne1 
Qc7 22.e3 Nc6 23.Nd3 Rd6 24.Rfd1 Rfd8 25.Nf4 Kf7 26.Kf2 Rxd2+ 27.Rxd2 Qe5 
28.Qc1 Rxd2+ 29.Qxd2 Ke7 30.Ne2 g5 31.Nc3 g4 32.f4 Qb8 33.Ke1 a6 34.Na4 
Nd8 35.Qg2 Qc7 36.Qa8 b5 37.cxb5 axb5 38.Nc3 b4 39.Nd1 c4 40.Qa4 Qb7 41.
Nf2 c3 42.Qa5 Nc6 43.Qc5+ Kf7 44.h3 Qd7 0-1

[Event "26th EUR-ch"]
[Site "Katowice POL"]
[Date "2026.04.14"]
[Round "7.49"]
[White "Mastrovasilis, Dimitrios"]
[Black "Sukiasian, Vahe A."]
[Result "1/2-1/2"]
[WhiteElo "2526"]
[BlackElo "2395"]
[EventDate "2026.04.07"]
[PlyCount "51"]

1.e4 e5 2.Nf3 Nc6 3.Bb5 a6 4.Ba4 Nf6 5.O-O Be7 6.d3 b5 7.Bb3 d6 8.c3 O-O 
9.a4 Bd7 10.Bc2 Re8 11.Re1 Bf8 12.Bg5 b4 13.Nbd2 h6 14.Bh4 g5 15.Bg3 Bg7 
16.Nf1 bxc3 17.bxc3 Ne7 18.d4 Ng6 19.dxe5 dxe5 20.Ne3 Nf4 21.Nd2 Qe7 22.
Nf5 Bxf5 23.exf5 Rad8 24.Bxf4 gxf4 25.Qe2 e4 26.Nxe4 1/2-1/2

[Event "26th EUR-ch"]
[Site "Katowice POL"]
[Date "2026.04.14"]
[Round "7.50"]
[White "Valiyev, Shahin"]
[Black "Vogel, Roven"]
[Result "1-0"]
[WhiteElo "2409"]
[BlackElo "2524"]
[EventDate "2026.04.07"]
[PlyCount "55"]

1.e4 e5 2.Nf3 Nc6 3.Bb5 a6 4.Ba4 Nf6 5.O-O Be7 6.Bxc6 dxc6 7.Re1 Nd7 8.c3 
c5 9.d4 cxd4 10.cxd4 exd4 11.Qxd4 O-O 12.Nc3 c5 13.Qe3 Nb6 14.b3 Be6 15.
Bb2 Qc7 16.Ne2 Nd7 17.Nf4 Bf6 18.e5 Be7 19.Nh5 Rfe8 20.Ng5 Nf8 21.Ne4 Ng6 
22.Nef6+ Bxf6 23.exf6 Bd7 24.Qd2 Bg4 25.Nxg7 Rxe1+ 26.Rxe1 Rd8 27.Qh6 Qf4 
28.Nf5 1-0

[Event "26th EUR-ch"]
[Site "Katowice POL"]
[Date "2026.04.14"]
[Round "7.51"]
[White "Kadric, Denis"]
[Black "Pasti, Aron"]
[Result "1/2-1/2"]
[WhiteElo "2523"]
[BlackElo "2388"]
[EventDate "2026.04.07"]
[PlyCount "82"]

1.e4 e5 2.Nf3 Nc6 3.Bc4 Nf6 4.d3 Be7 5.Nc3 O-O 6.a3 d6 7.Be3 Be6 8.Nd5 Nb8
9.Nxf6+ Bxf6 10.Bxe6 fxe6 11.h4 c5 12.Ng5 Qd7 13.Qg4 Bxg5 14.Bxg5 Nc6 15.
c3 b5 16.h5 a5 17.h6 g6 18.O-O b4 19.f4 bxc3 20.bxc3 Rf7 21.fxe5 Nxe5 22.
Rxf7 Qxf7 23.Qe2 Qa7 24.Bf6 Qb6 25.Bg7 Ra7 26.Qa2 Re7 27.Rb1 Qc7 28.Qb3 
Re8 29.Qb5 Rd8 30.Qa6 Qe7 31.Rf1 Ng4 32.d4 cxd4 33.cxd4 Rb8 34.Rc1 Rd8 35.
Rc8 Rxc8 36.Qxc8+ Kf7 37.Qc3 Qg5 38.Qc7+ Ke8 39.Qc8+ Ke7 40.Qc7+ Ke8 41.
Qc8+ Ke7 1/2-1/2

[Event "26th EUR-ch"]
[Site "Katowice POL"]
[Date "2026.04.14"]
[Round "7.52"]
[White "Sibashvili, Giorgi"]
[Black "Petriashvili, Nikoloz"]
[Result "1/2-1/2"]
[WhiteElo "2405"]
[BlackElo "2518"]
[EventDate "2026.04.07"]
[PlyCount "51"]

1.e4 d5 2.exd5 Qxd5 3.Nc3 Qa5 4.d4 Nf6 5.Bc4 Bg4 6.Ne2 Nc6 7.f3 Bf5 8.Bd2 
O-O-O 9.a3 Nxd4 10.Nxd4 Rxd4 11.Nb5 Qxd2+ 12.Qxd2 Rxd2 13.Kxd2 a6 14.Nd4 
Bg6 15.Bd3 e6 16.Bxg6 hxg6 17.h3 Bd6 18.c3 Nd5 19.Nc2 Nf4 20.Ne1 Rd8 21.
Kc2 Nd5 22.g4 Ne3+ 23.Kd3 Nd5 24.Kc2 Ne3+ 25.Kd3 Nd5 26.Kc2 1/2-1/2

[Event "26th EUR-ch"]
[Site "Katowice POL"]
[Date "2026.04.14"]
[Round "7.53"]
[White "Olszewski, Michal"]
[Black "Bettalli, Francesco"]
[Result "0-1"]
[WhiteElo "2516"]
[BlackElo "2358"]
[EventDate "2026.04.07"]
[PlyCount "126"]

1.Nf3 d5 2.e3 c5 3.b3 f6 4.d4 cxd4 5.exd4 Nc6 6.Nc3 e5 7.dxe5 Bb4 8.Bd2 
fxe5 9.Bb5 Nf6 10.Nxe5 O-O 11.Bxc6 bxc6 12.O-O Bd6 13.Bf4 Qc7 14.Re1 Bb7 
15.Bg3 Rae8 16.Nf3 Bxg3 17.hxg3 c5 18.Qd3 Qf7 19.Rxe8 Rxe8 20.Na4 Ne4 21.
Qb5 Rc8 22.Re1 d4 23.Qa5 g5 24.Qxa7 Ra8 25.Qb6 g4 26.Nxc5 Nxc5 27.Qxc5 
gxf3 28.Re7 Qd5 29.Qc7 Qg5 30.Rxh7 Bd5 31.Rh4 fxg2 32.Qh7+ Kf8 33.Rf4+ Ke8
34.Qh8+ Kd7 35.Qxd4 Re8 36.Qa7+ Kc8 37.Qc5+ Kd7 38.Qa7+ Kc8 39.Qc5+ Kd7 
40.Qb5+ Bc6 41.Rf7+ Kd6 42.Qb4+ Qc5 43.Qf4+ Qe5 44.Rf6+ Kd7 45.Qxe5 Rxe5 
46.f3 Re2 47.c4 Rxa2 48.b4 Rc2 49.b5 Bb7 50.Rf7+ Kc8 51.Rf4 Kc7 52.g4 Kd6 
53.Rf7 Bc8 54.b6 Be6 55.Rc7 Rb2 56.c5+ Ke5 57.Re7 Kf6 58.Re8 Bd5 59.Rd8 
Ke5 60.Rf8 Kd4 61.g5 Ke3 62.g6 Bxf3 63.Re8+ Be4 0-1